000 00678naa a2200205 4500
001 123400
003 ES-MaBCM
005 20241016143830.0
008 060215s2005 fra|r0p 0 ||fre d
021 _axx
035 _a(OCoLC)1365162023
040 _cES-MaBCM
100 1 _aGuez, Julien
_969265
245 0 0 _aLa "normalisation" du recours pour excès de pouvoir contre les circulaires et instructions administratives
_cJulien Guez
650 1 7 _aAbuso de poder
_957403
650 1 7 _aCircular
_957914
651 1 4 _aFrancia
_9115364
773 0 _aEn:
_tAJDA. L'actualité juridique. Droit administratif
_dParis
_w104215
_gNº 44 (déc. 2005), p. 2445-2449
942 _cAREV
999 _c123400
_d123400